000 00991nas a2200337 4500
001 BR0305509
003 BR-BrBNA
005 20231205104155.0
007 ta
008 230509b bl.|||p| |||| 00| 00por d
040 _aBR-BrBNA
_bpor
_cBiblioteca Nacional de Agricultura
041 _a(Pt)
072 _aL51; Q54
100 1 _aRodrigues, P.H.M.
100 1 _aAndrade, S.J.T. de
100 1 _aRuzante, J.M.
100 1 _aLima, F.R. de
100 1 _aMelotti, L.
245 1 _aValor nutritivo da silagem de milho sob o efeito da inoculação de bactérias ácido-láticas
650 _aOVINO
650 _aMILHO
650 _aSILAGEM
650 _aDIGESTIBILIDADE
650 _aVALOR NUTRITIVO
650 _aÁCIDO LÁTICO
650 _aINOCULAÇÃO
650 _aBACTÉRIA
773 0 _tRevista Brasileira de Zootecnia (Brazil)
_xISSN 1516-3598
_g(Nov-Dec 2002), v. 31(6) p. 2380-2385
_wBR0305509
909 _a202311
_bLúcia
_c55
_dLúcia Elande
942 _2AGRIS
_n0
_cANA
999 _c176748
_d176748